Представление документа в формате RUSMARC

ПолеНазваниеЗначение
  Тип записи a
  Библиографический уровень m
001 Контрольный номер RU/IS/BASE/400064782
005 Дата корректировки 20201206204835.4
010 Индекс ISBN __
a ISBN 978-5-16-004658-7 (ИНФРА-М). - 978-985-475-311-9 (Новое знание)
d Цена 257-18
101 Язык документа 0_
a Язык текста rus
200 Заглавие и сведения об ответственности 1_
a Заглавие Электронные приборы и устройства
e Сведения, относящиеся к заглавию учеб. для студентов вузов
f Первые сведения об ответственности Ф. А. Ткаченко
b Общее обозначение материала Текст
210 Выходные данные __
a Место издания М.
a Место издания Минск
c Издательство ИНФРА-М
c Издательство Новое знание
d Дата издания 2011
215 Физическое описание __
a Объем 681 с.
c Иллюстрации/тип воспроизводства ил.
d Формат 22
225 Серия __
a Серия Высшее образование
320 Библиография __
a Библиография Библиогр.: с. 673-674
330 Аннотация __
a Аннотация Рассмотрены устройство и характеристики полупроводниковых приборов, интегральных микросхем, оптоэлектронных приборов, приборов отображения информации, приборов СВЧ- и оптического диапазонов. Описаны особенности схемотехники аналоговых устройств на дискретных элементах и на микросхемах, устройство, принцип работы, параметры логических элементов и создание на их основе триггеров.
606 Тематические рубрики __
a Основная рубрика Радиоэлектроника
606 Тематические рубрики __
a Основная рубрика Электроника в целом
610 Ключевые слова __
a Ключевые слова электронные приборы; электронные устройства; полупроводниковая электроника; биполярные транзисторы; полевые транзисторы; оптоэлектроника; интегральные микросхемы; аналоговые устройства; оконечные каскады; цифровая техника; цифро-аналоговые преобразователи; электронные лампы; электронно-лучевые приборы; клистроны; лавинно-пролетные диоды; диоды Ганна; СВЧ-транзисторы; квантовые приборы; лазеры
686 Индексы других классификаций __
a Классификационный индекс 32.85
700 Автор _1
a Фамилия Ткаченко
b Имя Ф. А.
g Полное личное имя Федор Алексеевич
4 Код отношения 070
801 Источник записи _0
a Страна RU
b Организация Муниципальное бюджетное учреждение культуры "Централизованная библиотечная система" г. Сургут (Центральная городская библиотека им. А. С. Пушкина)
g Правила каталогизации КиК/Елгина
801 Источник записи _1
a Страна RU
b Организация Муниципальное бюджетное учреждение культуры "Централизованная библиотечная система" г. Сургут (Центральная городская библиотека им. А. С. Пушкина)
g Правила каталогизации КиК/Елгина
852 Данные о местонахождении __
j Шифр хранения 32.85
i Авторский знак Т 48
901 Тип документа __
t Тип документа m
903 Характеристики (МАРС) __
a Дата передачи 20120903
969 Тип издания __
a Тип издания учебник
990 Данные о заказе (DOS) __
j Количество экземпляров (DOS) 3
t N записи в КСУ для И/У (DOS) 201209